00469nam a22001697a 450000500170000001000150001702000260003203500140005803700130007208200080008510000160009324500510010926000430016027000460020330000310024950000190028020170303144302.0 aENG-117381 a9789352550401c350.00 aEN-100913 bDBAD/PUB a612 aBasak, A.K. aTextbook of physiology for BDS /cby A K Basak aKolkatabNew Central Book Agencyc2016 a8/1 Chintamoni Das Lane bKolkatae700009 axi,440p :c24cm (pbk)bill aincludes index